Antología personal /
Guardado en:
| Autor Principal: | |
|---|---|
| Formato: | Libro |
| Publicado: |
Buenos Aires :
Instituto Movilizador de Fondos Cooperativos,
1999
|
| Series: | Desde la gente
|
| Materias: | |
| Etiquetas: |
Agregar Etiqueta
Sin Etiquetas, Sea el primero en etiquetar este registro!
|
| LEADER | 01195nam a22002775a 4500 | ||
|---|---|---|---|
| 001 | CEM.cems010800 | ||
| 005 | 20100907111320.0 | ||
| 008 | 130507s1999##################000#0#####d | ||
| 003 | CEMS | ||
| 020 | |a 9508600780 | ||
| 082 | 0 | 4 | |a A868.4 |
| 100 | 1 | |a Castillo, Abelardo | |
| 245 | 1 | 0 | |a Antología personal / |c Abelardo Castillo |
| 260 | |a Buenos Aires : |b Instituto Movilizador de Fondos Cooperativos, |c 1999 | ||
| 300 | |a 123 p. | ||
| 490 | 0 | |a Desde la gente | |
| 505 | 0 | |a La madre de Ernesto -- El candelabro de plata -- Carpe diem -- El hermano mayor -- Triste le ville -- El cordobazo -- La lógica de los imbéciles -- El otro Judas -- Buenos Aires azul -- El argelino silencioso -- Sartre, treinta años después -- Arlt: el ángel del revés -- El desterrado -- Espejos -- Fotografía de Malcolm Lowry -- La oscura -- El orante -- Crónica de un iniciado (fragmento) | |
| 653 | |a Literatura | ||
| 653 | |a Literatura argentina siglo 20 | ||
| 653 | |a Teatro argentino | ||
| 653 | |a Cuento argentino | ||
| 653 | |a Ensayos argentinos | ||
| 653 | |a Novelas argentinas | ||
| 653 | |a Editoriales | ||
| 653 | |a Poesía argentina | ||
| 859 | |a CEMS |b BIB. CEMS - 11 de abril |h A868.4 |i C278 |p 21496.01 |t Ej.1 | ||
